000 00762nam a2200217 i 4500
001 98194
003 ES-MaACL
005 20250901102123.0
007 t|
008 050726s1957 mx ||||1| spa d
100 1 _aMarsh, Donald Bailey.
_977123
245 1 0 _aComercio mundial e inversión internacional :
_beconomía de la interdependencia /
_cDonald Bailey Marsh; prólogo de Howard S. Ellis; [traducción de Paul Velasco Terres].
260 _aMéxico :
_bFondo de Cultura Económica,
_c1957.
300 _a743 p. ;
_c22 cm.
650 0 7 _aComercio
_2embne
_911157
650 0 0 _aInversiones extranjeras.
_913888
700 1 _aEllis, Howard S.
_947050
700 1 _aVelasco Terres, Paul.
_9113778
852 _aES-MaACL
_jC-16962
999 _c98194
_d98194